| Tag |
First Indicator |
Second Indicator |
Subfields |
| LEADER |
00000cgm a2200000za 4500 |
| 001 |
in00003590739 |
| 006 |
m o c |
| 007 |
vz uzazuu |
| 007 |
cr una---unuuu |
| 008 |
150908p20152013cau027 o vlund d |
| 005 |
20260324181536.6 |
| 028 |
5 |
2 |
|a 1133040
|b Kanopy
|
| 035 |
|
|
|a (CaSfKAN)kan1133040
|
| 040 |
|
|
|a VDU
|b eng
|c VDU
|d UtOrBLW
|
| 245 |
0 |
0 |
|a Curiosity Quest Goes Green: Light Bulb Recycling.
|
| 264 |
|
1 |
|a [San Francisco, California, USA] :
|b Kanopy Streaming,
|c 2015.
|
| 300 |
|
|
|a 1 online resource (streaming video file)
|
| 306 |
|
|
|a Duration: 27 minutes
|
| 336 |
|
|
|a two-dimensional moving image
|b tdi
|2 rdacontent
|
| 337 |
|
|
|a computer
|b c
|2 rdamedia
|
| 338 |
|
|
|a online resource
|b cr
|2 rdacarrier
|
| 500 |
|
|
|a Title from title frames.
|
| 511 |
0 |
|
|a Features: Joel Greene
|
| 518 |
|
|
|a Originally produced by Green Planet Films in 2013.
|
| 520 |
|
|
|a Did you know that light bulbs can be recycled and made into new products? Join the host of Curiosity Quest Goes Green, Joel Greene as he explores the Lighting Resources facility in Texas to learn how they collect old light bulbs. Then they dump them all into an incredible machine that breaks them apart, safely collects the mercury, chops, cleans, and separates them. Lastly, Greene follows the crushed light bulb remnants to a Glass Recycled in Texas to watch the process of mixing the recycled light bulbs in with recycled glass to create gorgeous counter tops and flooring.
|
| 538 |
|
|
|a Mode of access: World Wide Web.
|
| 546 |
|
|
|a In English
|
| 500 |
|
|
|a Electronic resource.
|
| 653 |
|
|
|a K-12
|
| 653 |
|
|
|a TV Series
|
| 655 |
|
7 |
|a Nonfiction films.
|2 lcgft
|0 http://id.loc.gov/authorities/genreForms/gf2011026423
|
| 655 |
|
7 |
|a Internet videos.
|2 lcgft
|0 http://id.loc.gov/authorities/genreForms/gf2011026337
|
| 700 |
1 |
|
|a Cockrell, Melissa,
|e filmmaker.
|
| 700 |
1 |
|
|a Greene, Joel,
|e filmmaker.
|0 http://id.loc.gov/authorities/names/no2013117618
|
| 710 |
2 |
|
|a Kanopy (Firm)
|0 http://id.loc.gov/authorities/names/no2014091415
|
| 856 |
4 |
0 |
|u http://proxy.library.tamu.edu/login?url=https://texasam.kanopystreaming.com/node/133041
|z Connect to this streaming video
|t 0
|
| 999 |
f |
f |
|s 67d2ca83-c5a4-3334-8695-ae3e1f1a876c
|i eab8edf2-e7c4-3e06-b743-92237ace06af
|t 0
|
| 952 |
f |
f |
|a Texas A&M University
|b College Station
|c Electronic Resources
|s www_evans
|d Available Online
|t 0
|h No information provided
|
| 998 |
f |
f |
|t 0
|l Available Online
|